[Event "EU Union-ch U09 12th"]
[Site "Mureck"]
[Date "2014.08.02"]
[Round "4"]
[White "Woschitz, Thomas"]
[Black "Hersel, Richard"]
[Result "0-1"]
[WhiteElo "954"]
[BlackElo "1139"]
[PlyCount "94"]
[EventDate "2014.07.30"]
[EventType "swiss"]
[EventRounds "9"]
[EventCountry "AUT"]
[SourceTitle "CBM 161 Extra"]
[Source "ChessBase"]
[SourceDate "2014.08.29"]
[SourceVersion "1"]
[SourceVersionDate "2014.08.29"]
[SourceQuality "1"]

1. e4 e5 2. Nf3 Nc6 3. Bc4 h6 4. Nc3 d6 5. h3 Nf6 6. 0-0 Be7 7. d4 exd4 8. Nxd4 Bd7 9. Nxc6 Bxc6 10. Be3 Nxe4 11. Nxe4 Bxe4 12. Bd3 Bxd3 13. cxd3 0-0 14. d4 d5 15. Qg4 Qd6 16. Bf4 Qc6 17. Rac1 Qa4 18. Rxc7 Bf6 19. a3 Qxd4 20. Rxb7 Rfe8 21. Rb4 h5 22. Rxd4 hxg4 23. Rxd5 gxh3 24. gxh3 Bxb2 25. a4 Re4 26. Be3 Rxa4 27. Rb1 Bf6 28. Kg2 Bd8 29. Rbd1 Bf6 30. Bd4 Bxd4 31. R1xd4 Rxd4 32. Rxd4 a5 33. Ra4 Kf8 34. f4 Ke7 35. Kg3 Kd6 36. Kg4 Kc6 37. Kg5 Kb5 38. Ra1 a4 39. h4 Kb4 40. h5 Kb3 41. h6 gxh6+ 42. Kxh6 Kb2 43. Rxa4 Rxa4 44. f5 Rg4 45. f6 Kc3 46. Kh5 Rg1 47. Kh6 Kd4 0-1

[Event "AUT-ch U08"]
[Site "Velden"]
[Date "2014.06.21"]
[Round "6"]
[White "Hersel, Richard"]
[Black "Kienboeck, Benjamin"]
[Result "0-1"]
[WhiteElo "929"]
[BlackElo "1028"]
[PlyCount "29"]
[EventDate "2014.06.20"]
[EventType "swiss"]
[EventRounds "7"]
[EventCountry "AUT"]
[SourceTitle "EXT 2016"]
[Source "ChessBase"]
[SourceDate "2015.10.08"]
[SourceVersion "1"]
[SourceVersionDate "2015.10.08"]
[SourceQuality "1"]

1. e4 e5 2. Nf3 Nc6 3. Bc4 Nf6 4. d4 exd4 5. Ng5 d5 6. Nxf7 Kxf7 7. Bxd5+ Nxd5 8. Qh5+ g6 9. Qf3+ Nf6 10. Bg5 Be7 11. 0-0 Rf8 12. Re1 Kg8 13. Bh6 Nh5 14. Bxf8 Qxf8 15. Qxf8+ 0-1

[Event "AUT-ch U08"]
[Site "Velden"]
[Date "2014.06.20"]
[Round "3"]
[White "Bertel, Valentin"]
[Black "Hersel, Richard"]
[Result "0-1"]
[WhiteElo "900"]
[BlackElo "929"]
[PlyCount "49"]
[EventDate "2014.06.20"]
[EventType "swiss"]
[EventRounds "7"]
[EventCountry "AUT"]
[SourceTitle "EXT 2016"]
[Source "ChessBase"]
[SourceDate "2015.10.08"]
[SourceVersion "1"]
[SourceVersionDate "2015.10.08"]
[SourceQuality "1"]

1. e4 c5 2. Nc3 Nf6 3. Bc4 b6 4. e5 Bb7 5. f3 d5 6. Bb3 Nbd7 7. Bxd5 Bxd5 8. Nxd5 Nxe5 9. Ne3 g6 10. Qe2 Bg7 11. Qb5+ Nfd7 12. Nh3 a6 13. Qc4 0-0 14. Ng5 Bh6 15. Qh4 Bxg5 16. Qxg5 Nc6 17. Nf5 e6 18. Nh6+ Kg7 19. d3 f6 20. Qf4 g5 21. Qd6 Nb4 22. Bd2 Nxc2+ 23. Kd1 Nxa1 24. Qg3 Ne5 25. Ng4 0-1

[Event "AUT-ch U08"]
[Site "Velden"]
[Date "2014.06.20"]
[Round "2"]
[White "Woschitz, Thomas"]
[Black "Hersel, Richard"]
[Result "0-1"]
[WhiteElo "872"]
[BlackElo "929"]
[PlyCount "138"]
[EventDate "2014.06.20"]
[EventType "swiss"]
[EventRounds "7"]
[EventCountry "AUT"]
[SourceTitle "EXT 2016"]
[Source "ChessBase"]
[SourceDate "2015.10.08"]
[SourceVersion "1"]
[SourceVersionDate "2015.10.08"]
[SourceQuality "1"]

1. e4 e5 2. Nf3 Nc6 3. Bc4 Bc5 4. d3 Nh6 5. Bxh6 gxh6 6. 0-0 Qe7 7. Nc3 b6 8. Bb5 Bd4 9. Nxd4 Nxd4 10. Bc4 c6 11. Ne2 Nxe2+ 12. Qxe2 d5 13. Bb3 dxe4 14. dxe4 Bb7 15. c4 c5 16. g3 Qd6 17. Qd1 Rd8 18. Qxd6 Rxd6 19. Ba4+ Ke7 20. Rfd1 Rhd8 21. Rxd6 Rxd6 22. Rd1 Rxd1+ 23. Bxd1 Bxe4 24. a3 Kf8 25. b4 cxb4 26. axb4 Bd3 27. Bb3 Ke7 28. f4 exf4 29. gxf4 Kd6 30. Kf2 b5 31. cxb5 Bxb5 32. Bxf7 Kc6 33. Bg8 Bd3 34. Ke3 Bb1 35. Bc4 Kb6 36. Kd2 a5 37. bxa5+ Kxa5 38. Ke3 Kb4 39. Bg8 Kc5 40. Kf3 Kd6 41. Kg4 Ke7 42. Kh5 Kf8 43. Bb3 Kg7 44. Bc4 Bg6+ 45. Kg4 Kf6 46. h4 Bf5+ 47. Kg3 Ke7 48. Be2 Kf6 49. Bg4 Bxg4 50. Kxg4 Kg6 51. Kg3 Kf5 52. h5 Ke4 53. Kh3 Kxf4 54. Kh2 Kg4 55. Kh1 Kxh5 56. Kg1 Kg4 57. Kh1 h5 58. Kg1 h4 59. Kh1 Kh3 60. Kg1 Kg3 61. Kh1 h3 62. Kg1 h2+ 63. Kh1 Kf3 64. Kxh2 Kg4 65. Kg2 h5 66. Kh2 h4 67. Kg2 h3+ 68. Kg1 Kg3 69. Kf1 h2 0-1